[Event "RUS-Cup3"]
[Site "Omsk"]
[Date "1996.??.??"]
[Round "7"]
[White "Bezgodov, Alexei"]
[Black "Loskutov, Oleg"]
[Result "1/2-1/2"]
[WhiteElo "2490"]
[BlackElo "2395"]
[Annotator "Yudasin,L"]
[PlyCount "80"]
[EventDate "1996.12.13"]
[EventType "swiss"]
[EventRounds "9"]
[EventCountry "RUS"]
[SourceTitle "CBM 057"]
[Source "ChessBase"]
[SourceDate "1997.04.01"]
[SourceVersion "1"]
[SourceVersionDate "1997.04.01"]
[SourceQuality "1"]

1. e4 {Notkin} c5 2. Nf3 d6 3. d4 cxd4 4. Nxd4 Nf6 5. f3 a6 6. c4 e6 7. Nc3 Be7
8. Be3 O-O 9. Be2 Qc7 (9... Nc6 $5 {with d5}) 10. Rc1 b6 11. O-O Bb7 12. Qd2 (
12. Qe1 $5 {[%cal Ge1g3,Gg3h3] with the idea Qg3-Qh3 and Xe6}) 12... Nbd7 13.
Rfd1 Rac8 14. Bf1 Qb8 (14... Rfd8 15. Kh1 Qb8 16. Bf2 Bf8 17. Nc2 Ne5 18. b3
Ba8 19. Na4 Nfd7 20. Nc3 g6 $13 {Benko,P-Dzindzichashvili,R/New York/1991/0-1/
73/}) 15. Qf2 (15. Kh1 Rfe8 16. b4 (16. a3 Bd8 17. Bg1 Bc7 18. Qf2 Ne5 19. b4
Qa8 20. Nb3 Ng6 21. Na4 Nd7 22. Qb2 Bc6 23. Nc3 $13 {Iordachescu,V-Mirumian,V/
Szombathely/1993/1-0/72/}) 16... Bd8 (16... Ne5 $1 17. Na4 Nfd7 $13) 17. Nb3
Bc7 18. Bf4 Ne5 19. Bxe5 dxe5 20. c5 b5 21. a4 $14 {Stohl,I-Ward Ch/Isle of
man/1-0/43}) 15... Bd8 16. Kh1 Bc7 (16... Kh8 17. b4 (17. b3 Bc7 18. Qh4 Bd8
19. Qf2 Rg8 20. Nde2 g5 21. g4 Ne5 22. Bg2 Ba8 $13 {Dutreeuw,M-Annageldiev,O/
Manila/1992/0,5/88/}) 17... Rg8 18. Nb3 Bc7 (18... g5 19. Qd2 $6 (19. h3) 19...
g4 20. Qxd6 $2 Qxd6 21. Rxd6 Be7 $17 {Yagupov,I-Kulaots,K/Biel/1995/0-1/57/})
19. h3 g5 20. Na4 Bc6 21. b5 axb5 22. cxb5 Ba8 23. Nd4 Nc5 $13 {Maljutin,
E-Novikov,I/Kuopio/1992/1-0/71/}) 17. Nde2 (17. Qh4 $5) 17... Kh8 18. Bd4 $6
Bc6 $1 $132 {defending the b6 pawn so black will be able to play Ne5} 19. Be3
Ne5 20. b3 h6 $6 (20... Rg8 $1 {with the idea g5-Rg6-Rcg8 and play on the
king's side}) 21. Nd4 Bb7 (21... Ba8 $6) 22. Be2 $6 (22. Qb2 $5 {/^a1-h8,<</})
(22. Qh4 {with Qh3}) 22... Ng6 (22... Ned7 $142) (22... Rfe8 {with the idea d5}
) 23. Qg1 {defending the h2 pawn after the d5 break by black} Rfe8 24. Nc2 $6 (
24. Bf1) 24... d5 $1 (24... Nd7 25. b4 $14) (24... Ba8 25. Nb4 $16) 25. exd5
exd5 26. Bxb6 (26. Nxd5 Nxd5 27. cxd5 Nf4 $15 {|^/} 28. Bf1 Nxd5 29. Bxa6 Nxe3
30. Bxb7 Nxd1 31. Bxc8 Nc3 32. Ba6 Nxa2 $15) 26... Bf4 27. Rb1 (27. Be3 $5 Qe5
28. Bxf4 Nxf4 29. Nd4 Nxe2 30. Ndxe2 dxc4 $44) 27... Nh5 $1 {[%cal Gf4h2] /
\Bh2!/} 28. Bf1 (28. Bf2 Be5 (28... Re5 29. Bd3 (29. Nxd5 $2 Bxd5) 29... Ng3+
30. Bxg3 Bxg3 31. Ne2 Rh5 32. Nxg3 Qxg3 33. Bxg6 Qxg6 34. Ne3 $16) 29. Nd4 (29.
Nxd5 Bxd5 30. Rxd5 Nhf4 $17) 29... Qa8 $44) 28... Re5 $1 29. Ne2 (29. Bf2 $13
Ng3+ 30. Bxg3 Bxg3 $36) 29... Rxe2 (29... Rg5 $5 30. Be3 (30. Nxf4 Nhxf4 31.
Qf2 {+/=/~~}) 30... Re8 $44) 30. Bxe2 {[%tqu "En","black got a very bad
position afterhis mistake in move 30,but he had an equal one if he had played
the best move,try your luck!","think about the weak King on h1 how can black
check his as quick a possible ( of course not giving everything!!)","","f4h2",
"",6]} Qe5 $2 (30... Bxh2 $1 31. Qxh2 Ng3+ 32. Kg1 Nxe2+ 33. Kh1 Ng3+ 34. Kg1
$10 Nf4 (34... dxc4 35. bxc4 Ne2+ 36. Kh1 Qxh2+ $2 37. Kxh2 Rxc4 38. Nd4 $16)
35. Kf2 Nfe2 36. Qh3 $16) 31. Bd3 Nh4 (31... dxc4 32. bxc4 Ng3+ 33. hxg3 Bxg3
34. Bxg6 fxg6 35. Qd4 Qh5+ 36. Kg1 Rf8 37. Rb3 $16) 32. Bd4 Qg5 33. c5 $16 Ng3+
$2 34. hxg3 Bxg3 {[%tqu "En","white is winning but is 35 move Qe3 destroyed
everything and the game soon ended with a draw,but of course he is winning can
you prove it","","","d4f2","",5]} 35. Qe3 $2 (35. Bf2 Bf4 36. Nd4 Qh5 37. g4
$18) 35... Qh5 36. Kg1 $8 {[%tqu "En","and now find a way to make draw with
the black pieces","what about somehow opening the 'h' file to the queen","",
"h4g2","",5]} Nxg2 $1 37. Kxg2 (37. Qd2 Qh2+ 38. Kf1 Qh1+ 39. Ke2 (39. Bg1 Nf4
$19) 39... Nf4+ $19) 37... Qh2+ 38. Kf1 Qh3+ (38... Qh1+ $2 39. Qg1 Qxf3+ 40.
Bf2 $18) 39. Kg1 (39. Ke2 Qg2+ 40. Qf2 Re8+ $19) 39... Qh2+ 40. Kf1 Qh3+
1/2-1/2

[Event "Cacak"]
[Site "Cacak"]
[Date "1996.??.??"]
[Round "5"]
[White "Paunovic, Dragan"]
[Black "Marinkovic, Ivan"]
[Result "1/2-1/2"]
[WhiteElo "2495"]
[BlackElo "2505"]
[Annotator "Yudasin,L"]
[PlyCount "31"]
[EventDate "1996.11.??"]
[EventType "tourn"]
[EventRounds "9"]
[EventCountry "YUG"]
[EventCategory "13"]
[SourceTitle "CBM 057"]
[Source "ChessBase"]
[SourceDate "1997.04.01"]
[SourceVersion "1"]
[SourceVersionDate "1997.04.01"]
[SourceQuality "1"]

1. Nf3 Nf6 2. c4 c5 3. Nc3 b6 {another very interesting idea is e4} 4. d4 (4.
e4 Bb7 (4... d6 5. d4 $14) 5. e5 {also possible here is Bd3} Ng8 (5... Ne4 6.
Nb1 $1 {with d3}) 6. d4 $16) 4... cxd4 5. Nxd4 Bb7 6. f3 (6. Bg5 d6 (6... Ne4
7. Nxe4 Bxe4 8. f3 Bb7 9. e4 d6 $14) 7. Bxf6 gxf6 8. e4 $14) 6... d6 7. e4 e6
8. Be3 Be7 9. Be2 (9. g4 Nfd7) 9... a6 (9... O-O 10. O-O Nbd7 {with
a6-Re8-Bf8-g6}) 10. O-O O-O 11. Qd2 {interesting idea was Qe1 like in the
Sicilian defence transferring the queen to g3 and maybe later to h3 putting
some pressure on the e6 square,also possible is Qe1-Qf2} Nbd7 12. Rfd1 (12.
Rad1 {with g4,altough both sides have castled short side it is still possible
to advance the pawns in this position and to attack on the same flank since
white has a space advantage}) 12... Qc7 13. Rac1 Rac8 14. Kh1 (14. Bf1 {
with Qf2-Qg3}) (14. g4 $5) 14... Qb8 (14... Rfe8 {with the idea Bf8-g6 and
preper the d5 break}) 15. Bf1 Rfe8 16. Bd3 1/2-1/2

[Event "Lazne Bohdanec"]
[Site "Lazne Bohdanec"]
[Date "1997.??.??"]
[Round "3"]
[White "Polak, Tomas"]
[Black "Stocek, Jiri"]
[Result "1-0"]
[WhiteElo "2450"]
[BlackElo "2450"]
[Annotator "Yudasin,L"]
[PlyCount "93"]
[EventDate "1997.01.??"]
[EventType "tourn"]
[EventRounds "11"]
[EventCountry "CZE"]
[EventCategory "9"]
[SourceTitle "CBM 057"]
[Source "ChessBase"]
[SourceDate "1997.04.01"]
[SourceVersion "1"]
[SourceVersionDate "1997.04.01"]
[SourceQuality "1"]

1. d4 Nf6 2. c4 c5 3. Nf3 cxd4 4. Nxd4 e5 5. Nb5 d5 6. cxd5 Bc5 7. N5c3 O-O 8.
h3 b5 $5 (8... e4 9. g4 e3 $13) 9. a3 (9. Nxb5 Nxd5 {with Bb7 and compensation}
) 9... b4 (9... Qb6 $5 10. e3 Rd8 $44) 10. axb4 Bxb4 11. Bd2 e4 {if not white
would play e4 by himself} 12. e3 (12. Nxe4 $4 Nxe4 13. Bxb4 Qb6 $1 $19) 12...
Bb7 $6 (12... Re8 $5 {Bf5-Nbd7 with compensation}) 13. Be2 (13. Nxe4 $6 Nxe4
14. Bxb4 Nxf2 15. Kxf2 Qh4+ 16. Kg1 Qxb4 $44) 13... Nbd7 14. O-O {white is
threatening now Nxe4} Re8 15. Nb5 $1 Bxd2 (15... Bc5 16. Ba5 {followed by d6+/-
}) 16. Qxd2 Ne5 17. Rd1 $1 (17. d6 $6 Nf3+ $1 $40) 17... Nxd5 $2 (17... a6 {
taking this pawn only sereves white's intersts since after a6-Qd6 black has
compensation ,but now white can simplfy the position wite a much better
position} 18. N5c3 Qd6 $44) 18. N1c3 $1 Nxc3 (18... Nd3 19. Bxd3 exd3 20. Qxd3
Nxc3 21. Nxc3 Qg5 22. e4 $16) 19. Qxc3 Qh4 $2 (19... Qf6 20. Nd6 Re7 21. Ra5
$16) 20. Nd6 Nf3+ $8 21. Bxf3 exf3 22. Rd4 (22. Nxb7) 22... Be4 (22... Qg5 23.
Rg4) 23. Nxe8 Rxe8 24. gxf3 (24. Qc4 fxg2 25. Rxa7 {would win immediately})
24... Qg5+ 25. Kh2 Qe5+ (25... Bxf3 26. Rg1 Qe5+ 27. Rg3 $18) 26. f4 Qe7 27.
Rg1 g6 28. Rg5 Qb7 29. Qb4 (29. Rb4 {with Re5 to follow}) 29... Qa8 30. Qd6 $6
(30. Re5 Rb8 31. Qd2) 30... Bf5 31. Rxf5 $2 (31. Qd5 $18) 31... gxf5 32. Rd1
Re6 33. Qd5 Qb8 $2 (33... Qxd5 34. Rxd5 Rf6 {with Kg7-Kg6 and a6+/-}) 34. b3 (
34. Qxf5 Qxb2 35. Rd8+ Kg7 36. Qg5+ Rg6 37. Qe5+ Qxe5 38. fxe5 $18) 34... Rg6
35. Rg1 $16 Qc8 36. h4 Qc2 37. Rg2 Qe2 $4 {just giving a pawn!!} (37... Kg7)
38. Qxf5 $18 Qf3 39. Qh3 Qd1 40. f5 Rxg2+ 41. Qxg2+ Kf8 42. Qa8+ Kg7 43. Qxa7
Qxb3 44. Qd4+ f6 45. h5 Qf7 46. Qg4+ Kh6 (46... Kh8 47. h6) 47. Qf4+ {and
black resigned since after 47...Kxh5 48.Kh3 comes Qh4 with mate! and after 47..
.Kg7 48.H6 with Qb8 wins immediately} 1-0